Normal view MARC view

Entry Personal Name

Number of records used in: 1

001 - CONTROL NUMBER

  • control field: 24788

003 - CONTROL NUMBER IDENTIFIER

  • control field: OSt

005 - DATE AND TIME OF LATEST TRANSACTION

  • control field: 20210706160721.0

008 - FIXED-LENGTH DATA ELEMENTS

  • fixed length control field: 210706|| aca||aabn | a|a d

040 ## - CATALOGING SOURCE

  • Original cataloging agency: OSt
  • Transcribing agency: OSt

100 ## - HEADING--PERSONAL NAME

  • Personal name: Sivamohan, M.V.K.

670 ## - SOURCE DATA FOUND

  • Source citation: Work cat.: (OSt): Sivamohan, M.V.K. , Issues in irrigated agriculture and command area development , 1986

Powered by Koha